Inazuma Eleven Saison 1 - Statistiques

Statistiques générales
  • Ce quiz a été pris 3 227 fois
    2 048 depuis la dernière actualisation
  • Le résultat moyen est 12 sur 15
Statistiques - réponses
Hint Réponse % Correct
Attaquant Axel
99%
Gardien Mark
99%
Défenseur Jack
95%
Attaquant Kévin
94%
Milieu Jude
92%
Défenseur Nathan
92%
Défenseur Tod
87%
Défenseur Bobby
77%
Attaquant Willy
75%
Défenseur Jim
72%
Milieu Steve
72%
Milieu Erik
71%
Défenseur Sam
71%
Milieu Timmy
65%
Milieu Max
62%
Aucun quiz correspondant
Distribution des résultats
% des personnes avec chaque résultat
Percentile par nombre de réponses
Votre historique - résultats
Vous n’avez pas pris ce quiz depuis la dernière actualisation